فاطمة الزهراء والفاطميون ;; Fāṭimah al-Zahrāʼ walfatimiuwn / (Record no. 78888)
[ view plain ]
| 000 -LEADER | |
|---|---|
| fixed length control field | 02341cam a2200313 a 4500 |
| 001 - CONTROL NUMBER | |
| control field | 78888 |
| 003 - CONTROL NUMBER IDENTIFIER | |
| rucl marc code | BD-RjUL |
| 005 - DATE AND TIME OF LATEST TRANSACTION | |
| control field | 20211209083203.0 |
| 008 - FIXED-LENGTH DATA ELEMENTS--GENERAL INFORMATION | |
| fixed length control field | 211124s1965 ua ||||| |||| 00| 0bara d |
| 035 ## - SYSTEM CONTROL NUMBER | |
| System control number | BD-RjUL) |
| 040 ## - CATALOGING SOURCE | |
| Original cataloging agency | DLC-R |
| Transcribing agency | DLC |
| Language of cataloging | eng |
| 041 ## - LANGUAGE CODE | |
| Language code of text/sound track or separate title | ara |
| 082 ## - DEWEY DECIMAL CLASSIFICATION NUMBER | |
| Edition number | 23 |
| Classification number | 297.64 |
| Author mark and year | AKF 1965 |
| 100 1# - MAIN ENTRY--PERSONAL NAME | |
| Personal name | Akkad Abbas Mahmoud ;; العقاد, عباس محمود |
| 9 (RLIN) | 250543 |
| 245 13 - TITLE STATEMENT | |
| Title | فاطمة الزهراء والفاطميون ;; Fāṭimah al-Zahrāʼ walfatimiuwn / |
| Statement of responsibility, etc. | عباس محمود العقاد ;; Abbas Mahmoud Al-Akkad |
| 260 ## - PUBLICATION, DISTRIBUTION, ETC. (IMPRINT) | |
| Place of publication, distribution, etc. | Qaera : |
| Name of publisher, distributor, etc. | Dar al Helal, |
| Date of publication, distribution, etc. | 1965 |
| 300 ## - PHYSICAL DESCRIPTION | |
| Pagination | v. ; |
| Size | 25 cm. |
| 500 ## - GENERAL NOTE | |
| General note | "Tanẓīm mawḍūʿī li-kāffat al-aḥādīth wa-al-nuṣūṣ fī sīrat wa-Sayyidat al-Nisāʼ wa-makānatihā maʿa al-maṣādir wa-al-asānīd." |
| 504 ## - BIBLIOGRAPHY, ETC. NOTE | |
| Bibliography, etc | Includes bibliographical references (v. 25, p. [388]-499) and indexes. |
| 505 0# - FORMATTED CONTENTS NOTE | |
| Formatted contents note | al-mujallad 1. Khalaqahā qabla hādhā al-ʿālam -- al-mujallad 2. Min wilādatihā ilá zawājihā -- al-mujallad 3-4. Zawājuhā -- al-mujallad 5. Wilādat awlādihā -- al-mujallad 6-7. Awlāduhā -- al-mujallad 8. Aḥwāluhā maʿa al-Nabī al-Aʿẓam -- al-mujallad 9. Maʿa abīhā wa-al-aṣḥāb -- al-mujallad 10-11. Baʿda wafāt abīhā ilá shahādatihā -- al-mujallad 12. Fadakuhā -- al-mujallad 13. Ghaṣb ḥaqqihā wa-khuṭabihā -- al-mujallad 14. Baʿda abīhā ilá shahādatuhā -- al-mujallad 15-16. Shahādatuhā -- al-mujallad 17. Ḥayātuhā al-shakhṣīyah -- al-mujallad 18-19. Mukhtaṣṣātuhā -- al-mujallad 20. Muḥibbūhā wa-aʿdāʼuhā -- al-mujallad 21. Awṣāfuhā wa-mā yataʿallaqu bi-hā -- al-mujallad 22. Mā yataʿallaqu bi-hā -- al-mujallad 23. al-Kutub al-muʼallafah ʿanhā -- al-mujallad 24. al-Zahrāʼ baʿda hadhā al-ʿālam -- al-mujallad 25. al-Fahāris. |
| 600 00 - SUBJECT ADDED ENTRY--PERSONAL NAME | |
| Personal name | Fāṭimah, |
| Dates associated with a name | -632 or 633 |
| Personal name | Muḥammad, |
| General subdivision | Prophet |
| Dates associated with a name | Family. |
| Chronological subdivision | 632 -- |
| Personal name | Fāṭimah, |
| Dates associated with a name | 632 or 633. |
| 650 #0 - SUBJECT ADDED ENTRY--TOPICAL TERM | |
| Topical term or geographic name as entry element | Hadith (Shiites) |
| Form subdivision | Texts. |
| 9 (RLIN) | 250547 |
| 880 12 - ALTERNATE GRAPHIC REPRESENTATION | |
| Linkage | 245-02/(3/r |
| a | الموسوعة الكبرى عن فاطمة الزهراء / |
| c | تأليف اسماعيل الأنصاري الزنجاني الخوئيني. |
| Linkage | 250-03/(3/r |
| a | الطبعة 1. |
| Linkage | 260-04/(3/r |
| a | قم : |
| b | دليل ما، |
| c | 1428 [2008 or 2007] |
| 942 ## - ADDED ENTRY ELEMENTS (KOHA) | |
| Source of classification or shelving scheme | Dewey Decimal Classification |
| Koha item type | Books |
| Lost status | Source of classification or shelving scheme | Damaged status | Not for loan | Collection code | Permanent Location | Current Location | Shelving location | Date acquired | Source of acquisition | Cost, normal purchase price | Total Checkouts | Full call number | Date last seen | Copy number | Koha item type |
|---|---|---|---|---|---|---|---|---|---|---|---|---|---|---|---|
| Dewey Decimal Classification | Not For Loan | Non-fiction | Central Library, University of Rajshahi | Central Library, University of Rajshahi | Reading Room | 24/11/2021 | zeitlinger | 20.00 | A 297.64 AKF 1965 | 24/11/2021 | C-1 | Books |